Personalistika pro manažery a personalisty

Uložené v:
Podrobná bibliografia
Hlavný autor: Šikýř, Martin
Médium: Kniha
Jazyk:Czech
Vydavateľské údaje: Praha Grada Publishing 2012
Edícia:Management
Predmet:
Tagy: Pridať tag
Žiadne tagy, Buďte prvý, kto otaguje tento záznam!

MARC

LEADER 00000nam a2200000 4500
001 0181613
005 20240313133333.7
020 |a 978-80-247-4151-2 
041 0 |a cze 
044 |a CZ 
245 1 0 |a Personalistika pro manažery a personalisty  |c Martin Šikýř 
264 1 |a Praha  |b Grada Publishing  |c 2012 
300 |a 207 s. 
490 1 |a Management 
830 0 |a Management 
610 2 0 |a personalistika 
610 2 0 |a riadenie ľudských zdrojov 
610 2 0 |a manažéri 
610 2 0 |a personalisti 
610 2 0 |a miesta pracovné 
610 2 0 |a plánovanie 
610 2 0 |a zamestnanci 
610 2 0 |a nábor pracovníkov 
610 2 0 |a motivácia 
610 2 0 |a výkony pracovné 
610 2 0 |a hodnotenie pracovníkov 
610 2 0 |a odmeňovanie 
610 2 0 |a vzdelávanie ďalšie 
610 2 0 |a podmienky pracovné 
610 2 0 |a systémy informačné 
100 1 |a Šikýř, Martin